Laura Ingalls Wilder Quiz - Statistics

General Stats
  • This quiz has been taken 104 times
  • The average score is 11 of 19
Answer Stats
Hint Answer % Correct
Pa often played this instrument. Violin
99%
The Big Woods were in this state. Wisconsin
89%
How old was Laura when she first started teaching? 15
82%
What was the name of the Ingall family dog? Jack
80%
What pioneer mean girl rivaled Laura in Plum Creek and Dakota Territory? Nellie Oleson
80%
Name the youngest member of the Ingalls family. Grace
77%
Who was the "Farmer Boy"? Almanzo Wilder
76%
He grew up in this state. New York
70%
What illness - suffered by the whole family - caused Mary's blindness? Scarlet fever
61%
Who was the older brother he pioneered with? Royal
58%
Who was the "wildcat from Tennessee" that aided the Ingalls on several occasions? Mr. Edwards
55%
What town did the Ingalls settle near? De Smet
51%
What pest wreaked havoc in Plum Creek? Grasshoppers
51%
What type of dwelling did the Ingalls live in by Plum Creek? Dugout
49%
Who did the Ingalls witness leaving before moving on from Kansas themselves? Indians
48%
What historical act allowed the Ingalls a cheap claim of land, provided they live on it for 5 years? Homestead
32%
In "The Long Winter", what animal's unusually thick den foreshadowed the hard winter? Muskrat
28%
The "Farmer Boy" wanted to do this when he was old enough. Raise horses
13%
Pa held what position in the railroad camp by Silver Lake? Bookkeeper
8%
No matching quizzes found
Score Distribution
Percent of People with Each Score
Percentile by Number Answered
Your Score History
You have not taken this quiz